000 00372 a2200145 4500
999 _c12305
_d12305
003 OSt
005 20240117125239.0
008 240117b ||||| |||| 00| 0 eng d
020 _a9788090762831
082 _a745.2
_bDRA
100 _a Drazil, David
245 _aSketch like an architect : advanced techniques
260 _bSketch Like an Architect
_c2021
942 _2ddc